000 00561cam a22001337a 4500
008 180718b1998 xxu||||| |||| 00| 0 eng d
082 _aA81x54 91/9/PT 12 A & B/L
100 _aCensus of India 1991
245 _aHomachal Pradesh district census handbook, Lahul and Spiti: village and town directory, village and townwise primary census abstract
260 _aShimla
_bController, Printing and Stationery Department
_c1998
300 _a161+p.
440 _aCensus of India 1991. Series-9, Himachal Pradesh. Part XII - A & B
650 _aLahul and Spiti - Census
999 _c479055
_d479055